000 00504nam a2200181Ia 4500
003 OSt
005 20250205093606.0
008 210210b xxu||||| |||| 00| 0 eng d
040 _cAL
041 _akan
082 _a853/123
100 _aGUNDANNA (K)
_9160941
_dಗುಂಡಣ್ಣ (ಕೆ)
245 _aDumaketu mattu kankana:
_bಧೂಮಕೇತು ಮತ್ತು ಕಂಕಣ
260 _aBengaluru
_bH N Rao Brothers
690 _aKannada Drama
_9160942
906 _a019395
942 _2ddc
_cBK
999 _c143514
_d143514